000 00673nam a2200217 a 4500
001 21746
003 CO-ViMGA
008 141112s2004 ck r 000 u spa d
020 _a842611735X
040 _aCO-ViMGA
_bspa
_cCO-ViMGA
082 0 4 _aOXEj
100 1 _aOxenbury, Helen
_931028
245 1 0 _aJugando
260 _aBarcelona :
_bJuventud,
_c1990
300 _a12
590 _aForma de adquisición : Donación fact. 8856 - - Precio : 23600 - - Proveedor : Fundación exito - - Fecha de adquisición : Julio 2007
650 1 4 _aALBUMES INFANTILES
_92002
650 1 4 _aJUEGOS - ALBUMES
_931029
650 1 4 _aLIBROS ILUSTRADOS PARA NIÑOS
_92001
942 _2ddc
_cBK
999 _c30302
_d30302